00413nam a22001457a 4500003000400000005001700004008004100021020001800062040000900080082002300089100002000112245008200132260004400214300000900258OSt20210309131821.0210309b ||||| |||| 00| 0 eng d a9788131609248 coclc a352.0070954bMAD/P aMaddick, Henry  aPanchayati Raj :bA Study Of Rural Local Government In India /cHenry Maddick aNew Delhi:bRawat Publications, c2018. a402p